Lebensmittel mit "H" - Statistiken

Allgemein
  • Dieses Quiz wurde 279 mal gespielt
  • Das Durchschnittsergebnis liegt bei 11 aus 42
Antwortstatistiken
Lebensmittel % Korrekt
Hase
70%
Himbeere
60%
Hirse
60%
Hafer
58%
Holunderblütensirup
57%
Honig
52%
Heidelbeere
51%
Haselnuss
47%
Hackepeter / Hackfleisch
43%
Hefe
42%
Haferflocken
41%
Hamburger
39%
Hagebutte
35%
Hummus
35%
Hartkäse
32%
Harzer
32%
Hummer
32%
Hering
30%
Haifischflossensuppe
29%
Haferbrei
25%
Hibiskustee
22%
Hustenbonbon
21%
Hüttenkäse
20%
Honigmelone
18%
Hülsenfrucht
18%
Hackbraten
17%
Hafermilch
17%
Hühnerfrikassee
14%
Hinterschinken
13%
Hefezopf
12%
Hühnerfleisch
12%
Hallimasch
11%
Hokkaido - Kürbis
11%
Hühnerei
11%
Hollandaise
10%
Hot Dog
10%
Honigwein
9%
Hühnerbrühe
7%
Hüftsteak
5%
Hefeklöße
4%
Hoppelpoppel
3%
Hugo
3%
Keine übereinstimmenden Quizze gefunden
Verteilung der Resultate
Anzahl Personen mit jedem Resultat
Perzentil nach korrekt beantworteten Fragen
Ihre Resultats-Entwicklung
Sie haben dieses Quiz noch nicht gespielt